Biggest European Cities that start with S on a Map - Statistics

General Stats
  • This quiz has been taken 783 times
  • The average score is 14 of 25
Answers on the Map
Answers color-coded by a green-red scale on the quiz's map according to % correct below.
 
Answer Stats
Population City % Correct
1,776,106 Stockholm
100%
5,384,342 Saint Petersburg
98%
1,221,785 Sofia
96%
348,363 Sarajevo
95%
691,395 Seville
95%
509,900 Skopje
92%
635,911 Stuttgart
91%
269,750 Southampton
90%
552,143 Sheffield
89%
284,677 Strasbourg
88%
403,893 Sevastopol
76%
1,144,759 Samara
61%
398,255 Szczecin
55%
278,137 Stoke-on-Trent
51%
830,155 Saratov
46%
342,054 Simferopol
39%
320,170 Smolensk
36%
454,488 Stavropol
29%
262,119 Sumy
24%
216,520 Sabadell
20%
317,432 Saransk
20%
243,926 Syktyvkar
16%
228,816 Shakhty
12%
223,711 Stary Oskol
12%
274,134 Sterlitamak
12%
No matching quizzes found
Score Distribution
Percent of People with Each Score
Percentile by Number Answered
Your Score History
You have not taken this quiz